• 首页
  • 本馆介绍
  • 公告通知
  • 最新文献
  • 馆藏检索
  • 电子资源
  • 读者导购
  • 参考咨询
  • 我的图书馆
  • 登录
  • 详细信息显示
  • 放入我的书架
  • 预约/预借图书
  • 作者相关作品
  • 分类相关作品
  • 丛书相关作品
  • 出版社相关作品

书目信息

  • 表格格式
  • 工作单格式
  • 卡片格式
题名:
建设监理
    
 
作者: 焦长丰 主编
分册:  
出版信息: 北京   中央广播电视大学出版社  2018.5
页数: 241页
开本: 26cm
丛书名:
单 册:
中图分类: TU712.2
科图分类:
主题词: 建筑工程--监理工作
电子资源:
ISBN: 978-7-304-06880-6
000 00747nam0 2200253 45
001 012001001121
005 20140912162658.0
010    @a978-7-304-06880-6@dCNY32.00
090    @aTU712@bjcc
096    @aTU712@bjcc
100    @a20150312d2015 em y0chiy50 ea
101 0  @achi
102    @aCN@b110000
105    @ay z 000yy
106    @ar
200 1  @a建设监理@Ajian she jian li@b专著@f焦长春主编
210    @a北京@c中央广播电视大学出版社@d2018.5
215    @a241页@d26cm
330    @a本书包括建设工程监理概论、合同管理、工程质量控制、工程造价控制等7章内容。
606 0  @a建筑工程@x监理工作
690    @aTU712.2@v5
701  0 @a焦长丰@Ajiao chang chun@4主编
801  0 @aCN@bBJSDL@c20211011
905    @b1333128-31@dTU712.2@e1893@f4
    
    建设监理/焦长春主编.-北京:中央广播电视大学出版社,2018.5
    241页;26cm
    
    
    ISBN 978-7-304-06880-6:CNY32.00
    本书包括建设工程监理概论、合同管理、工程质量控制、工程造价控制等7章内容。
●
相关链接 在E读中查询图书 在五车中查询图书 在当当中查询图书 在豆瓣中查询图书


正题名:建设监理     索取号:TU712.2/1893         预约/预借

序号 登录号 条形码 馆藏地/架位号 状态 备注
1 1333128   213331287   第二样本阅览室/ [索取号:TU712.2/1893] 在馆    
2 1333129   213331296   第三借阅区/ [索取号:TU712.2/1893] 在馆    
3 1333130   213331303   第三借阅区/ [索取号:TU712.2/1893] 在馆    
4 1333131   213331312   第三借阅区/ [索取号:TU712.2/1893] 在馆    
欢迎您!
大连网信软件有限公司© 版权所有